000
00269nam a2200109Ia 4500
008
200302s9999 xx 000 0 und d
100
_a
Nevin Cohen and Other
245
_a
Green cities an A-to-Z Guide
260
_b
Sage Publications Inc.
260
_c
2011
300
_a
547
999
_c
7434
_d
7434